000 01123nem0a2200301 4500
001 RU\NLR\cart\7788
005 20250614031105.0
010 _a978-5-8213-0483-4
035 _a(NLR Aleph) 010295368
090 _a10568783
_c10568783
100 _a20121018d2001 |||y0rusy50 ca
101 0 _arus
102 _aRU
120 _abyy xx||
123 1 _aa
_b750 000
200 1 _aРазделы Речи Посполитой
_bКарты
_eДля общеобразоват. учреждений
_fСост. и подгот. к изд. ООО "изд-вом ДИК"
_gРед. Т.И. Мартынова
206 _a1:750 000, 7,5 км в 1 см
210 _aМосква
_cДИК
_d2010
215 _a1 к.
_cцв.
_d136х97 см
509 0 1 _7ca
_aЕвропа Восточная
_92633803
_3RU\NLR\auth_crt\55631
606 0 _aИстория отдельных стран
_yЕвропа
_92177743
_3RU\NLR\auth_crt\6615
620 _aРоссия
702 1 _aМартынова
_bТ. И.
_4340
801 0 _aRU
_bNLR
_c20121018
_gPSBO
852 _aNLR
_bК
_j4-Евр 4/1075
_m10-12
942 _cMAP
980 _aNB